00593nam a2200169Ia 4500008004100000041000800041082001700049100001900066245003100085260005600116300000800172365001600180700002900196906001700225999001900242952016200261230718s9999 xx 000 0 und d aeng a621.381bCHO aChoudhury D.R. aLinear Integrated Circuits c1991bNew Age International (P) Limited, Publishers a421 cRs.b155.00 aChoudhury D.R. & Jain S. cETC b116.25 c297779d297779 00104070aCCEPbCCEPd1998-11-24eMasurkar EnterprisesfETC g131.75l0o621.381pCCEP-BK-8985r2023-07-18 00:00:00t116.25v155.00w2023-07-18yBKz008985